| 000 | 00481nam a22001577a 4500 | ||
|---|---|---|---|
| 082 |
_a691.3 _bBES _cL-20, P-97 |
||
| 100 |
_aY. Besser, V. Proskurnin _945337 |
||
| 245 |
_aErection of Prefabricated Reinforced-Concrete Structures _cY. Besser, V. Proskurnin |
||
| 250 | _a1966 | ||
| 260 |
_aMoscow _bMir Publishers _c1971 |
||
| 300 | _a280 P, : | ||
| 526 |
_a0 _b0 _c0 _d691_300000000000000_BES |
||
| 526 |
_a0 _b0 _c0 _d691_300000000000000_BES |
||
| 650 |
_aMCE _9379 |
||
| 942 |
_2ddc _cBK |
||
| 999 |
_c548881 _d548881 |
||